Arthritis & arthroplasty. The knee

Gespeichert in:
Bibliographische Detailangaben
Format: Sách
Sprache:Undetermined
Veröffentlicht:  Saunders/Elsevier  2009
Schlagworte:
Tags: Tag hinzufügen
Keine Tags, Fügen Sie den ersten Tag hinzu!
Thư viện lưu trữ: Trung tâm Thư viện - Trường Đại học Công nghiệp TP. Hồ Chí Minh
LEADER 00436nam a2200133Ia 4500
001 UIH_06383
008 231011s9999 xx 000 0 und d
082 |a  617.5 
245 0 |a  Arthritis & arthroplasty. The knee 
260 |b  Saunders/Elsevier 
260 |c  2009 
650 |a  Total knee replacement; Bệnh xương;  
927 |a Sách 
980 |a Trung tâm Thư viện - Trường Đại học Công nghiệp TP. Hồ Chí Minh